A judicialização da política no Brasil e o TCU / (Record no. 836)
[ view plain ]
| 000 -LÍDER | |
|---|---|
| Campo Fixo de Controle | 00882nam a2200265 a 4500 |
| 001 - NÚMERO DE CONTROLE | |
| Campo de Controle | 836 |
| 003 - IDENTIFICAÇÃO DO NÚMERO DE CONTROLE | |
| Campo de Controle | BR-CuiBMT |
| 005 - DATA E HORA DA ÚLTIMA ATUALIZAÇÃO | |
| Campo de Controle | 20231121014815.0 |
| 008 - DADOS FIXOS | |
| Dados Fixos | 230929s2007 rjba 000 0 por d |
| 020 ## - INTERNATIONAL STANDARD BOOK NUMBER | |
| Nº do ISBN | 9788522505883 |
| 040 ## - AGÊNCIA CATALOGADORA | |
| Código da Agência Catalogadora | BR-CuiBMT |
| Agência que transcreveu o registro | BR-CuiBMT |
| 080 ## - Nº DA CLASSIFICAÇÃO DECIMAL UNIVERSAL | |
| Nº Class. CDU | 347.97/.99:32 |
| Nº edição CDU | 2007 |
| Subd. Auxiliar Comum | (81) |
| 090 ## - NÚMERO DE CHAMADA | |
| Nº classificação | 347.97/.99:32(81) |
| Cutter | L864j |
| 100 1# - ENTRADA PRINCIPAL -- AUTOR PESSOAL | |
| Nome pessoal | Lopes Junior, Eduardo Monteiro |
| 245 12 - TÍTULO PRINCIPAL | |
| Título principal | A judicialização da política no Brasil e o TCU / |
| Indicação de responsabilidade | Eduardo Monteiro Lopes Junior. |
| 260 ## - PUBLICAÇÃO, DISTRIBUIÇÃO, ETC. | |
| Local de publicação | Rio de Janeiro : |
| Editora | FGV, |
| Data | 2007. |
| 300 ## - DESCRIÇÃO FÍSICA | |
| N. páginas ou volumes | 124 p. ; |
| Ilustrações | il. : |
| Dimensões | 23 cm |
| 500 ## - NOTAS GERAIS | |
| Notas gerais | Originalmente apresentada como dissertação do autor (mestrado -- IUPERJ, 2003). |
| 504 ## - NOTA DE BIBLIOGRAFIA, ETC. | |
| Nota de bibliografia | Inclui bibliografia. |
| 650 ## - ASSUNTO TÓPICO | |
| Cabeçalho tópico ou nome geográfico | Política e governo |
| Subdivisão geográfica | Brasil |
| 650 ## - ASSUNTO TÓPICO | |
| Cabeçalho tópico ou nome geográfico | Poder legislativo |
| Subdivisão geográfica | Brasil |
| 650 ## - ASSUNTO TÓPICO | |
| Cabeçalho tópico ou nome geográfico | Poder executivo |
| Subdivisão geográfica | Brasil |
| 650 ## - ASSUNTO TÓPICO | |
| Cabeçalho tópico ou nome geográfico | Direito e política |
| Subdivisão geográfica | Brasil |
| 942 ## - ELEMENTOS DE ENTRADA ADICIONAIS (KOHA) | |
| Fonte de classificação ou esquema de arquivamento | Classificação Decimal Universal |
| Tipo de item do Koha | Livros |
| Estado: removido | Estado: perdido | Fonte de classificação ou esquema de arquivamento | Estado: danificado | Indisponível para empréstimo | Localização permanente | Localização atual | Data de aquisição | Total Checkouts | Número de Chamada completo | Código de barras | Date last seen | Número do exemplar | Preço efetivo a partir de | Tipo de item (Koha) |
|---|---|---|---|---|---|---|---|---|---|---|---|---|---|---|
| Classificação Decimal Universal | Biblioteca da Escola Superior de Contas do TCE/MT | Biblioteca da Escola Superior de Contas do TCE/MT | 02/04/2013 | 347.97/.99:32(81) L864j | BIBTCEMT23110775 | 21/11/2023 | Ex. 1 | 21/11/2023 | Livros |